Camila Cabello Discography (updated 2024) - Statistics

General Stats
  • This quiz has been taken 63 times
    23 since last reset
  • The average score is 45 of 73
Answer Stats
Album Feature/Lead Answer % Correct
Familia Ed Sheeran Bam Bam
100%
Familia Familia
100%
CAMILA Young Thug Havana
100%
C, XOXO Playboi Carti I LUV IT
100%
Romance Liar
100%
Romance DaBaby My Oh My
100%
CAMILA Never Be The Same
100%
Quavo OMG
100%
Pharrell Williams Sangria Wine
100%
Romance Shawn Mendes Señorita
100%
Crying In The Club
91%
C, XOXO Lil Nas X HE KNOWS
91%
Handwritten - Deluxe Shawn Mendes I Know What You Did Last Summer
91%
CAMILA Consequences
82%
Familia WILLOW psychofreak
82%
Romance Shameless
82%
C, XOXO (Magic City Edition) Eem Triplin baby pink
73%
C, XOXO JT, Yung Mami Dade County Dreaming
73%
Familia Don't Go Yet
73%
Romance First Man
73%
C, XOXO (Magic City Edition) GODSPEED
73%
Know no Better (EP) Major Lazor,Travis Scott & Quavo Know No Better
73%
CAMILA Real Friends
73%
Bloom Machine Gun Kelly Bad Things
64%
C, XOXO (Magic City Edition) can friends kiss?
64%
C, XOXO DREAM-GIRLS
64%
Familia Maria Becerra Hasta Los Dientes
64%
CAMILA Into It
64%
Romance Living Proof
64%
CAMILA She Loves Control
64%
Romance Bad Kind of Butterflies
55%
Bazzi Beautiful
55%
C, XOXO B.O.A.T.
55%
Familia Celia
55%
C, XOXO Chanel No. 5
55%
Romance Dream of You
55%
Romance Easy
55%
Fast & Furious 8: The Album J Balvin & Pitbull Hey Ma
55%
C, XOXO Drake HOT UPTOWN
55%
I Have Questions
55%
CAMILA In The Dark
55%
Familia La Buena Vida
55%
Familia Yotuel Lola
55%
Adam Port Move
55%
C, XOXO pink xoxo
55%
C, XOXO pretty when i cry
55%
No.6 Collaborations Ed Sheeran, Cardi B South of the Border
55%
Romance This Love
55%
C, XOXO Twentysomethings
55%
C, XOXO 305tilidie
45%
CAMILA All These Years
45%
Romance Cry For Me
45%
Familia everyone at this party
45%
Romance Feel It Twice
45%
CAMILA Inside Out
45%
C, XOXO June Gloom
45%
C, XOXO BLP KOSHER koshi xoxo
45%
9 Cashmere Cat Love Incredible
45%
#ElDisco Alejandro Sanz Mi Persona Favorita
45%
Multitude Stromae Mon Amour
45%
Familia No Doubt
45%
Mike Towers, Tainy Oh Na Na
45%
Familia Quiet
45%
CAMILA Something's Gotta Give
45%
Romance Used to This
45%
C, XOXO Drake Uuugly
45%
Familia Boys Don't Cry
36%
C, XOXO (Magic City Edition) Come Show Me
36%
Bright: The Album Grey Crown
36%
Late Night Feelings Mark Ronson Find U Again
36%
Romance Should've Said It
36%
De Adentro Pa Afuera Camilo Ambulancia
27%
Oxlade KU LO SA
27%
No matching quizzes found
Score Distribution
Percent of People with Each Score
Percentile by Number Answered
Your Score History
You have not taken this quiz since the last reset